| 000 | 01595nam a2200205Ia 4500 | ||
|---|---|---|---|
| 001 | b6988-50883 | ||
| 003 | IT-MiCISF | ||
| 008 | 161014s9999||||xx |||||||||||||| ||und|| | ||
| 040 |
_aIT-MiCISF _cIT-MiCISF |
||
| 041 | _ait | ||
| 100 | _aCrepet Paolo | ||
| 245 | 0 |
_aL'autorità perduta _bIl coraggio che i figli ci chiedono |
|
| 250 | _a1a ed. | ||
| 260 |
_a Torino _bEinaudi _c2011 |
||
| 300 | _app. 192 | ||
| 500 | _a / educazione-bambini, società, famiglia, autorità-parentale, tossicodipendenza, scuola, adolescenza, giovani, disoccupazione, politica-familiare, educazione-genitori / Bambini maleducati, adolescenti senza regole, ragazzi ubriachi e indifferenti, giovani senza occupazione che, invece di prendere in mano la propria vita, vegetano senza studiare né lavorare. Genitori che si lamentano di una generazione arresa e senza passioni, che sembra aver perso anche la capacità di stupirsi. Ma ad arrendersi per primi sono stati proprio i genitori, che con la loro accondiscendenza hanno sottratto ai figli l'essenziale, ossia il desiderio, salvaguardando un quotidiano quieto vivere privo di emozioni e ambizioni dove rimbomba soltanto l'elenco delle lamentele contro la società e la politica, come se questo mondo non l'avessero creato proprio loro. Un pamphlet severo ma anche pieno di speranza, con cui Crepet ribadisce tenacemente che educare significa soprattutto preparare le nuove generazioni alle difficili, ma anche meravigliose, sfide del futuro. | ||
| 650 |
_a Genitorialità e problemi educativi / educazione _e004 |
||
| 942 | _cBK | ||
| 957 | _71 | ||
| 999 |
_a50883 _bsi _g1 _c209999 _d209999 |
||